| 000 | 01500nam0a22002771 4500 | ||
|---|---|---|---|
| 001 | rc\1030255 | ||
| 005 | 20260406184659.0 | ||
| 035 | _a(NLR Aleph) 006194033 | ||
| 090 |
_a6196666 _c6196666 |
||
| 100 | _a20041129d1981 |||y0rusy50 ca | ||
| 101 | 0 | _arus | |
| 102 | _aRU | ||
| 105 | _aa ||||||||| | ||
| 200 | 1 |
_aТеория и практика автоматизации электрокардиологических и клинических исследований _eТез. II всесоюз. совещ., Каунас, 19-23 окт. 1981 г. _f[Редкол.: И.Н. Блужас (отв. ред.) и др.] |
|
| 210 |
_aКаунас _cБ. и. _d1981 |
||
| 215 |
_a466 с. _cил. _d21 |
||
| 300 | _aВ надзаг.: М-во здравоохранения ЛитССР, НИИ физиологии и патологии сердеч.-сосудистой системы при Каунас. мед. ин-те, Литов. респ. науч. о-во кардиологов, Литов. респ. науч. мед.-техн. о-во | ||
| 320 | _aБиблиогр. в конце докл. | ||
| 320 | _aАвт. указ.: с. 445-453 | ||
| 702 | 1 |
_aБлужас _bИ.Н. _4340 |
|
| 712 | 0 | 2 |
_aНИИ физиологии и патологии сердечно-сосудистой системы им. З. И. Янушкевича _cКаунас _3RU\NLR\AUTH\889950091 _9395952 |
| 801 | 0 |
_aRU _bNLR _gpsbo |
|
| 801 | 1 |
_aRU _bELAR _2rusmarc |
|
| 852 |
_aNLR _j82-3/2036 |
||
| 942 | _cBOOK | ||
| 980 | _aNB | ||